サザンオールスターズのシングル - Statistics

General Stats
  • This quiz has been taken 96 times
  • The average score is 13 of 64
Answer Stats
Answer % Correct
1 勝手にシンドバッド
93%
44 TSUNAMI
83%
3 いとしのエリー
72%
28 真夏の果実
63%
55 東京VICTORY
50%
31 涙のキッス
48%
24 みんなのうた
37%
32 エロティカ・セブン EROTICA SEVEN
37%
13 栞のテーマ
35%
14 チャコの海岸物語
35%
45 HOTEL PACIFIC
33%
37 愛の言霊~Spiritual Message~
33%
48 彩~Aja~
28%
35 マンピーのG★SPOT
28%
54 ピースとハイライト
26%
20 ミス・ブランニューデイ(MISS BRAND-NEW DAY)
26%
16 Ya Ya(あの時代を忘れない)
26%
41 LOVE AFFAIR~秘密のデート~
24%
2 気分しだいで責めないで
22%
DL7 恋のブギウギナイト
22%
5 C調言葉に御用心
22%
49 君こそスターだ/夢に消えたジュリア
20%
53 I AM YOUR SINGER
20%
8 いなせなロコモーション
17%
DL4 盆ギリ恋歌
17%
23 メロディ(Melody)
17%
4 思い過ごしも恋のうち
15%
26 さよならベイビー
15%
43 イエローマン~星の王子様~
15%
DL6 Relay~杜の詩
15%
11 シャ・ラ・ラ/ごめんねチャーリー
13%
DL3 愛はスローにちょっとずつ
13%
22 Bye Bye My Love(U are the one)
13%
50 愛と欲望の日々/LONELY WOMAN
13%
30 シュラバ★ラ★バンバ SHULABA-LA-BAMBA
13%
36 あなただけを~Summer Heartbreak~
13%
21 Tarako
13%
15 匂艶 THE NIGHT CLUB
13%
29 ネオ・ブラボー!!
11%
DL5 歌えニッポンの空
11%
DL8 ジャンヌ・ダルクによろしく
11%
DL9 桜、ひらり
11%
46 この青い空、みどり~BLUE IN GREEN~
11%
47 涙の海で抱かれたい~SEA OF LOVE~
11%
38 太陽は罪な奴
9%
DL1 闘う戦士たちへ愛を込めて
9%
25 女神達への情歌(報道されないY型の彼方へ)
9%
6 涙のアベニュー
7%
19 東京シャッフル
7%
39 01MESSENGER~電子狂の詩~
7%
40 BLUE HEAVEN
7%
51 BOHBO No.5/神の島遥か国
7%
18 EMANON
7%
9 ジャズマン(JAZZ MAN)
7%
DL2 壮年JUMP
7%
42 PARADISE
7%
7 恋するマンスリー・デイ
4%
10 わすれじのレイド・バック
4%
12 Big Star Blues(ビッグスターの悲劇)
4%
17 ボディ・スペシャルⅡ(BODY SPECIAL)
4%
52 DIRTY OLD MAN~さらば夏よ~
4%
33 素敵なバーディー(NO NO BIRDY)
4%
34 クリスマス・ラブ(涙のあとには白い雪が降る)
2%
27 フリフリ’65
2%
No matching quizzes found
Score Distribution
Percent of People with Each Score
Percentile by Number Answered
Your Score History
You have not taken this quiz